[Event "CZE-chT2A 1011"]
[Site "Czech Republic"]
[Date "2011.01.23"]
[Round "6"]
[White "Palek, Miroslav"]
[Black "Klicnar, Martin"]
[Result "1/2-1/2"]
[WhiteElo "2261"]
[BlackElo "2168"]
[PlyCount "80"]
[EventDate "2010.10.17"]
[EventType "team-tourn"]
[EventRounds "11"]
[EventCountry "CZE"]
[SourceTitle "EXT 2012"]
[Source "ChessBase"]
[SourceDate "2011.11.24"]
[SourceVersion "1"]
[SourceVersionDate "2011.11.24"]
[SourceQuality "1"]
[WhiteTeam "Plzen Sokol"]
[BlackTeam "Zizkov"]
[WhiteTeamCountry "CZE"]
[BlackTeamCountry "CZE"]

1. e4 e5 2. Nf3 Nc6 3. Bb5 a6 4. Ba4 Nf6 5. 0-0 Be7 6. Qe2 b5 7. Bb3 0-0 8. c3 d5 9. d3 Bb7 10. Nbd2 Re8 11. Rd1 Bf8 12. Nf1 Na5 13. Bc2 c5 14. Ng3 g6 15. h3 Bg7 16. Nh2 Qc7 17. Bg5 h6 18. Bd2 Kh7 19. Ng4 c4 20. Bxh6 Nxg4 21. Bxg7 Nxf2 22. Qxf2 Kxg7 23. Rf1 Re6 24. Rae1 dxe4 25. Nxe4 Bxe4 26. dxe4 Rd8 27. Rd1 Nb7 28. Rxd8 Nxd8 29. Rd1 Rd6 30. Qe3 Rxd1+ 31. Bxd1 Ne6 32. b3 Qd6 33. Be2 cxb3 34. axb3 Nf4 35. Bf1 Ne6 36. b4 f5 37. exf5 gxf5 38. g4 f4 39. Qe4 Ng5 40. Qf5 Nf7 1/2-1/2

[Event "CZE-chT2A 0910"]
[Site "Czech Republic"]
[Date "2010.02.28"]
[Round "8.4"]
[White "Eret, Jaroslav"]
[Black "Klicnar, Martin"]
[Result "1/2-1/2"]
[WhiteElo "2156"]
[BlackElo "2181"]
[PlyCount "32"]
[EventDate "2009.10.18"]
[EventType "team-tourn"]
[EventRounds "11"]
[EventCountry "CZE"]
[SourceTitle "EXT 2012"]
[Source "ChessBase"]
[SourceDate "2011.11.24"]
[SourceVersion "1"]
[SourceVersionDate "2011.11.24"]
[SourceQuality "1"]
[WhiteTeam "Klatovy"]
[BlackTeam "Zizkov"]
[WhiteTeamCountry "CZE"]
[BlackTeamCountry "CZE"]

1. Nf3 Nf6 2. d4 g6 3. g3 Bg7 4. Bg2 0-0 5. 0-0 d6 6. c4 Nc6 7. Nc3 a6 8. h3 Rb8 9. e4 e5 10. dxe5 dxe5 11. Qxd8 Rxd8 12. Bg5 Re8 13. Nd5 Nxd5 14. cxd5 Nd8 15. Rac1 c6 16. Rfd1 Bd7 1/2-1/2

[Event "CZE-chT2A 0809"]
[Site "Czech Republic"]
[Date "2009.04.05"]
[Round "11.4"]
[White "Turner, Radek"]
[Black "Klicnar, Martin"]
[Result "1/2-1/2"]
[WhiteElo "2117"]
[BlackElo "2160"]
[PlyCount "70"]
[EventDate "2008.10.12"]
[EventType "team-tourn"]
[EventRounds "11"]
[EventCountry "CZE"]
[SourceTitle "EXT 2010"]
[Source "ChessBase"]
[SourceDate "2010.11.25"]
[SourceVersion "1"]
[SourceVersionDate "2010.11.25"]
[SourceQuality "1"]
[WhiteTeam "Plzen Sokol II"]
[BlackTeam "Zizkov"]
[WhiteTeamCountry "CZE"]
[BlackTeamCountry "CZE"]

1. c4 Nf6 2. g3 g6 3. Bg2 Bg7 4. Nc3 0-0 5. e4 d6 6. Nge2 e5 7. 0-0 c6 8. d3 Nbd7 9. h3 a6 10. a4 Rb8 11. b4 a5 12. b5 Nc5 13. Rb1 Bd7 14. Ba3 Re8 15. Qc2 Nh5 16. Kh2 f5 17. exf5 gxf5 18. bxc6 bxc6 19. Rxb8 Qxb8 20. Bf3 Nf6 21. Rb1 Qa7 22. Bg2 e4 23. d4 Nd3 24. Bxd6 Nxf2 25. Bc5 Qa6 26. Nf4 e3 27. Bf1 N6e4 28. Nxe4 Nxe4 29. Bd3 Nxc5 30. dxc5 Qc8 31. Ne2 Re5 32. Rf1 Bf8 33. g4 Bxc5 34. Bxf5 Bxf5 35. Rxf5 Qc7 1/2-1/2

[Event "CZE-chT2c 0506"]
[Site "Czech Republic"]
[Date "2006.02.12"]
[Round "7.5"]
[White "Klicnar, Martin"]
[Black "Krischke, Arnold"]
[Result "1/2-1/2"]
[WhiteElo "2170"]
[BlackElo "2090"]
[PlyCount "111"]
[EventDate "2005.10.16"]
[EventType "team"]
[EventRounds "11"]
[EventCountry "CZE"]
[SourceTitle "EXT 2009"]
[Source "ChessBase"]
[SourceDate "2008.11.26"]
[SourceVersion "1"]
[SourceVersionDate "2008.11.26"]
[SourceQuality "1"]
[WhiteTeam "Nachod"]
[BlackTeam "Praha Praga II"]
[WhiteTeamCountry "CZE"]
[BlackTeamCountry "CZE"]

1. e4 c6 2. d4 d5 3. Nd2 dxe4 4. Nxe4 Nf6 5. Nxf6+ gxf6 6. Nf3 Bf5 7. g3 Qd5 8. Bg2 Qe4+ 9. Be3 Qxc2 10. Nh4 Qxd1+ 11. Rxd1 Be6 12. d5 Bxd5 13. Bxd5 cxd5 14. Rxd5 Nc6 15. Ke2 e6 16. Rb5 0-0-0 17. Rc1 a6 18. Rb3 Bd6 19. f4 Bc7 20. Nf3 Rd7 21. Rbc3 Kb8 22. Rc4 Rhd8 23. b4 Rd5 24. a4 Bd6 25. Rb1 Ne7 26. b5 axb5 27. axb5 Rc8 28. Rxc8+ Nxc8 29. Nd2 Na7 30. Nc4 Bc5 31. Bxc5 Rxc5 32. Nd6 Rd5 33. Ne4 Nxb5 34. Ke3 Nd6 35. Nxf6 Rf5 36. Nxh7 Rh5 37. Nf6 Rxh2 38. Rc1 b5 39. Kd4 Kb7 40. g4 Rf2 41. Nh5 Kb6 42. Ke5 Rd2 43. Nf6 b4 44. f5 b3 45. Rc3 b2 46. Rb3+ Kc5 47. fxe6 Nc4+ 48. Kf4 Rf2+ 49. Kg5 Nd6 50. e7 Kc4 51. Rb8 Re2 52. e8Q Nxe8 53. Nxe8 Kc3 54. Nd6 Re5+ 55. Kf4 Re1 56. Nxf7 1/2-1/2

[Event "CZE-chT2c 0506"]
[Site "Czech Republic"]
[Date "2005.12.18"]
[Round "5.5"]
[White "Klicnar, Martin"]
[Black "Crha, Pavel"]
[Result "1/2-1/2"]
[WhiteElo "2170"]
[BlackElo "2175"]
[PlyCount "35"]
[EventDate "2005.10.16"]
[EventType "team"]
[EventRounds "11"]
[EventCountry "CZE"]
[SourceTitle "EXT 2009"]
[Source "ChessBase"]
[SourceDate "2008.11.26"]
[SourceVersion "1"]
[SourceVersionDate "2008.11.26"]
[SourceQuality "1"]
[WhiteTeam "Nachod"]
[BlackTeam "Mlada Boleslav"]
[WhiteTeamCountry "CZE"]
[BlackTeamCountry "CZE"]

1. e4 c5 2. d4 cxd4 3. Nf3 Nc6 4. Nxd4 e5 5. Nb5 a6 6. Nd6+ Bxd6 7. Qxd6 Qf6 8. Qd1 Qg6 9. Nc3 Nge7 10. Be3 d5 11. Nxd5 Nxd5 12. Qxd5 Be6 13. Qc5 Qxe4 14. 0-0-0 Rc8 15. Bd3 Qa4 16. Qa3 Qxa3 17. bxa3 0-0 18. Rhe1 1/2-1/2